| 000 | 00798nam a22002292 4500 | ||
|---|---|---|---|
| 001 | 0000020747 | ||
| 005 | 20151217145927.0 | ||
| 008 | 111011s xx 000 0 eng d | ||
| 020 | _a1412907910 : | ||
| 040 |
_aKABU _cKABU |
||
| 100 | 1 |
_aCaro, Sarah. _@0000181295 |
|
| 245 | 1 | 0 |
_aHow to publish your PhD : _ba practical guide for the humanities and social sciences / _cSarah Caro. |
| 250 | _a1st ed. | ||
| 260 |
_aLondon : _bSAGE, _c2009. |
||
| 300 | _aviii, 136 p. | ||
| 650 | 0 |
_aAcademic writing _vHandbooks, manuals etc. _@0000153642 |
|
| 650 | 0 |
_aScholarly-publishing _xHandbooks, manuals, etc. _@0000181296 |
|
| 852 | 1 | _9p2920.20 KES | |
| 852 | 1 | _9p2920.20 KES | |
| 908 | _a111011 | ||
| 950 | _@1 | ||
| 999 |
_c4177 _d4177 |
||